000 00538 a2200169 4500
020 _a0-87262-678-4
082 _a624.1762 SEI
_bL-39-P-190
090 _c2768
_d2768
100 _a
110 _aCASSARO, MICHEAL.A
_942952
245 _aSEISMIC DESIGN AND CONSTRUCTION OF COMPLEX CIVIL ENGINEERING SYSTEMS
260 _aNEW YARK
_bAMERICAN SOCIETY FOR CIVIL ENGINEERS ASCE
_c1988
300 _aVIII, 103P.
_c24CM.
500 _aCONSTRUCTION
526 _a0
_b0
_c0
_d624_176200000000000_SEI_L39P19
942 _2ddc
_aMCE
_cBOOK
_k624.1762 SEI
999 _c546757
_d546757